[Event "Challenge"]
[Site "http://www.queenalice.com/game.php?id=353594"]
[Date "2008.2.13"]
[Round "-"]
[White "Typhoon"]
[Black "edinholsv"]
[Result "1-0"]
[WhiteElo "1377"]
[BlackElo "1295"]

1. e4 e5 2. Nc3 Nf6 3. d3 Nc6 4. Nf3 Bb4 5. Bd2 Bxc3 6. Bxc3 d6 7. g3 Bg4 8. Bg2
Nd4 9. Bxd4 exd4 10. h3 Bxf3 11. Qxf3 c5 12. O-O-O Qa5 13. Kb1 b5 14. Rhe1 b4
15. e5 O-O 16. exf6 b3 17. cxb3 Rfe8 18. Rxe8+ Rxe8 19. Kc2 Re3 20. Qa8+ Qd8 21.
Qxd8+ Re8 22. Qxe8# 1-0

[Event "AUTO-INT-799"]
[Site "http://www.queenalice.com/game.php?id=356451"]
[Date "2008.2.18"]
[Round "1"]
[White "Feynman"]
[Black "edinholsv"]
[Result "1-0"]
[WhiteElo "1661"]
[BlackElo "1286"]

1. e4 e5 2. Nf3 Nc6 3. d3 Nd4 4. Nxe5 d6 5. Nf3 Bg4 6. Be2 Nf6 7. Nxd4 c5 8. Bg5
cxd4 9. Bxf6 Qxf6 10. Bxg4 Qe5 11. c3 dxc3 12. Nxc3 h5 13. Qa4+ Ke7 14. Qd7+ Kf6
15. Nd5+ Kg6 16. Bf5+ Kh6 17. Qxf7 Kg5 18. f4+ Kh4 19. fxe5 Re8 20. Qxe8 dxe5
21. g3+ 1-0

[Event "AUTO-INT-799"]
[Site "http://www.queenalice.com/game.php?id=356452"]
[Date "2008.2.18"]
[Round "1"]
[White "edinholsv"]
[Black "Feynman"]
[Result "0-1"]
[WhiteElo "1304"]
[BlackElo "1606"]

1. e4 e5 2. Nf3 d6 3. Bc4 Nf6 4. Ng5 d5 5. exd5 h6 6. d6 hxg5 7. dxc7 Qxc7 8. d3
Nc6 9. O-O e4 10. dxe4 Qxh2# 0-1

[Event "AUTO-INT-799"]
[Site "http://www.queenalice.com/game.php?id=356467"]
[Date "2008.2.18"]
[Round "1"]
[White "edinholsv"]
[Black "SGF"]
[Result "1-0"]
[WhiteElo "1269"]
[BlackElo "1547"]

1. e4 e5 2. Nf3 Qf6 3. Nc3 c6 4. Bc4 Bc5 5. d3 b5 6. Bb3 d6 7. Bg5 Qg6 8. h4 f6
9. h5 Qxg5 10. Nxg5 fxg5 11. h6 gxh6 12. Qh5+ Kd7 13. Qf7+ Ne7 14. Rxh6 b4 15.
Rxh7 Rxh7 16. Qxh7 bxc3 17. Be6+ Kxe6 18. bxc3 Ba3 19. d4 Bb2 20. Rd1 Bxc3+ 21.
Kf1 Bxd4 22. Qh6+ Kd7 23. Qxg5 Ba6+ 24. Kg1 Bc4 25. Rb1 Bxa2 26. Rb7+ Ke6 27.
Rxe7# 1-0

[Event "AUTO-INT-799"]
[Site "http://www.queenalice.com/game.php?id=356468"]
[Date "2008.2.18"]
[Round "1"]
[White "SGF"]
[Black "edinholsv"]
[Result "1-0"]
[WhiteElo "1590"]
[BlackElo "1293"]

1. e4 e5 2. Qh5 Nc6 3. Bc4 g6 4. Qf3 Qf6 5. Qxf6 Nxf6 6. Nf3 Nxe4 7. Nc3 Nxc3 8.
bxc3 Bc5 9. Ng5 O-O 10. Bxf7+ Rxf7 11. Nxf7 Kxf7 12. d3 d5 13. Rb1 Be6 14. Rxb7
Bd6 15. O-O e4 16. dxe4 dxe4 17. Re1 h5 18. Rxe4 Rd8 19. Bf4 Be5 20. g3 Rd1+ 21.
Kg2 Bd5 22. Bxe5 Bxe4+ 23. f3 Rd2+ 24. Kh3 Bf5+ 25. g4 hxg4+ 26. fxg4 Bxg4+ 27.
Kxg4 Nxe5+ 28. Kg5 Nf3+ 29. Kf4 Nxh2 30. Rxc7+ Ke6 31. Rxa7 Rxc2 32. Ra6+ Kf7
33. Ra7+ Kf6 34. Ra6+ Kg7 35. Ra7+ Kh6 36. a4 Rxc3 37. a5 Nf3 38. a6 Nd4 39. Ra8
Rc7 40. a7 Nc6 41. Rh8+ Kg7 42. a8=Q Rf7+ 43. Kg3 Ne7 44. Kg4 Kf6 45. Qf3+ Nf5
46. Qc6+ Kg7 47. Qc3+ Rf6 48. Qc8 Ne7 49. Qe8 Re6 50. Qf8# 1-0

[Event "AUTO-INT-799"]
[Site "http://www.queenalice.com/game.php?id=356469"]
[Date "2008.2.18"]
[Round "1"]
[White "edinholsv"]
[Black "jw16js"]
[Result "0-1"]
[WhiteElo "1259"]
[BlackElo "1433"]

1. e4 e5 2. Nf3 d6 3. Nc3 Nh6 4. Bc4 Bg4 5. h3 Bxf3 6. Qxf3 f6 7. Nd5 Nd7 8. d3
c6 9. Bxh6 cxd5 10. exd5 gxh6 11. Qh5+ Ke7 12. O-O-O Rg8 13. f4 Rxg2 14. Rde1
Nc5 15. fxe5 fxe5 16. d4 Qa5 17. Ref1 Rg6 18. Qh4+ Ke8 19. Qf2 Be7 20. Qf7+ Kd7
21. Rf6 Rxf6 22. Qxh7 Rf2 23. a3 b5 24. dxc5 Qd2+ 25. Kb1 bxc4 26. c6+ Ke8 27.
Qg8+ Bf8 28. Qe6+ Be7 29. Qg6+ Rf7 30. Rf1 Qf4 31. Rxf4 exf4 32. Qe6 Kf8 33. c7
f3 34. c8=Q+ Rxc8 35. Qxc8+ Kg7 36. Qxc4 f2 37. Qf1 Kh7 38. Kc1 Bh4 39. Kd2 Re7
40. b4 Re5 41. Qd3+ Kg7 42. Qf3 Rxd5+ 43. Ke2 Re5+ 44. Kf1 Re1+ 45. Kg2 Rg1+ 46.
Kh2 f1=Q 47. Qc3+ Bf6 48. Qc7+ Kg6 49. Qxd6 Qg2# 0-1

[Event "AUTO-INT-799"]
[Site "http://www.queenalice.com/game.php?id=356470"]
[Date "2008.2.18"]
[Round "1"]
[White "jw16js"]
[Black "edinholsv"]
[Result "1-0"]
[WhiteElo "1490"]
[BlackElo "1269"]

1. e4 e5 2. Bc4 Nf6 3. Qf3 Nc6 4. a3 Nd4 5. Qb3 Nxb3 6. Bxb3 Nxe4 7. Nf3 Bc5 8.
O-O Bxf2+ 9. Kh1 Qf6 10. Nc3 Nxc3 11. bxc3 Bc5 12. Bb2 Qd6 13. d4 exd4 14. Rfe1+
Kf8 15. cxd4 Bb6 16. c3 Qh6 17. Re2 d5 18. Rae1 g5 19. Re8+ Kg7 20. R8e5 Bg4 21.
Rxg5+ Kf8 22. Rxg4 Re8 23. Ne5 Qd2 24. Nd7# 1-0

[Event "AUTO-BEG-193"]
[Site "http://www.queenalice.com/game.php?id=367619"]
[Date "2008.3.8"]
[Round "1"]
[White "Corinthians17"]
[Black "edinholsv"]
[Result "1-0"]
[WhiteElo "1521"]
[BlackElo "1230"]

1. d4 Nf6 2. Nc3 e5 3. dxe5 Ng4 4. Bf4 a6 5. e3 Nc6 6. f3 Nh6 7. Nd5 d6 8. exd6
Bxd6 9. Bxh6 Qh4+ 10. g3 Qxh6 11. e4 Nb4 12. Bc4 Be6 13. c3 Bxd5 14. Bxd5 Qe3+
15. Ne2 Nd3+ 16. Qxd3 Qb6 17. Rb1 O-O-O 18. Qc4 Bc5 19. Bxf7 Rhf8 20. Nf4 Rd7
21. Be6 Bg1 22. Bxd7+ Kxd7 23. Rd1+ Kc8 24. Qe6+ Kb8 25. Qxb6 Bxb6 26. Ne6 Rxf3
27. Nxg7 Re3+ 28. Kf1 Rf3+ 29. Kg2 Rf2+ 30. Kh3 Rf7 31. Rd8+ Ka7 32. Ne6 c6 33.
Rf8 Re7 34. Ng5 Bc5 35. Rh8 Rg7 36. Ne6 Be7 37. Nxg7 Bf6 38. Rxh7 Bxg7 39. Rxg7
c5 40. e5 1-0

[Event "AUTO-BEG-193"]
[Site "http://www.queenalice.com/game.php?id=367620"]
[Date "2008.3.8"]
[Round "1"]
[White "edinholsv"]
[Black "Corinthians17"]
[Result "0-1"]
[WhiteElo "1248"]
[BlackElo "1274"]

1. e4 e5 2. Nf3 Nc6 3. Bc4 d6 4. h4 Nf6 5. Ng5 d5 6. exd5 Nxd5 7. Qf3 f6 8. d3
Ncb4 9. Bxd5 Nxd5 10. Ne4 Nb4 11. Na3 f5 12. Ng5 h6 13. Qh5+ Kd7 14. Nf7 Qe7 15.
Qxf5+ Ke8 16. Qxe5 Kxf7 17. Qxe7+ Bxe7 18. Bd2 Nd5 19. O-O-O Bg4 20. Rhe1 Bxd1
21. Kxd1 Bxa3 22. bxa3 Rhf8 23. c4 Ne7 24. Re4 Rad8 25. Bb4 Rxd3+ 26. Ke1 Rfd8
27. Rxe7+ Kf6 28. Rxc7 Rd1+ 29. Ke2 R1d7 30. Rc5 Re7+ 31. Kf1 Rd1+ 32. Be1
Rexe1# 0-1

[Event "AUTO-OPEN-1065"]
[Site "http://www.queenalice.com/game.php?id=375487"]
[Date "2008.3.23"]
[Round "1"]
[White "rob0330"]
[Black "edinholsv"]
[Result "1-0"]
[WhiteElo "1741"]
[BlackElo "1225"]

1. Nf3 d5 2. g3 Nc6 3. Bg2 Bf5 4. O-O e6 5. d4 Be4 6. Nc3 Bb4 7. Nxe4 dxe4 8.
Ng5 h6 9. Nxe4 Nxd4 10. c3 Bc5 11. Nxc5 Nf5 12. Bxb7 Qxd1 13. Rxd1 Rb8 14. Bc6+
Ke7 15. Rd7+ Kf6 16. Rxc7 Nge7 17. Ne4+ Ke5 18. f4# 1-0

[Event "AUTO-OPEN-1065"]
[Site "http://www.queenalice.com/game.php?id=375488"]
[Date "2008.3.23"]
[Round "1"]
[White "edinholsv"]
[Black "rob0330"]
[Result "0-1"]
[WhiteElo "1225"]
[BlackElo "1745"]

1. e4 e5 2. Nf3 Nc6 3. Bc4 f5 4. Ng5 Qxg5 5. d4 Qxg2 6. Ke2 Qxe4+ 7. Be3 exd4 8.
Rg1 dxe3 9. Bd3 Nd4+ 10. Kf1 e2+ 11. Bxe2 Nxe2 12. Qxe2 Qxe2+ 13. Kg2 Qxc2 14.
Nc3 Nf6 15. Rge1+ Ne4 16. Re2 Qxe2 17. Nxe2 Bc5 0-1

[Event "AUTO-OPEN-1065"]
[Site "http://www.queenalice.com/game.php?id=375513"]
[Date "2008.3.23"]
[Round "1"]
[White "Jac"]
[Black "edinholsv"]
[Result "1-0"]
[WhiteElo "1877"]
[BlackElo "1230"]

1. e4 e5 2. Nf3 Nc6 3. Bb5 Nd4 4. Nxd4 exd4 5. O-O c6 6. Bc4 b5 7. Bb3 a5 8. Qh5
Qf6 9. a4 g6 10. Qe2 Bd6 11. d3 Qh4 12. g3 Qh5 13. Qxh5 gxh5 14. axb5 cxb5 15.
Bd5 Ra6 16. c3 Nf6 17. Bg5 Nxd5 18. exd5 dxc3 19. Nxc3 Bb7 20. Rfe1+ Kf8 21.
Bh6+ Kg8 22. Re8+ Bf8 23. Rxf8# 1-0

[Event "AUTO-OPEN-1065"]
[Site "http://www.queenalice.com/game.php?id=375514"]
[Date "2008.3.23"]
[Round "1"]
[White "edinholsv"]
[Black "Jac"]
[Result "0-1"]
[WhiteElo "1239"]
[BlackElo "1849"]

1. e4 e5 2. Nf3 Nc6 3. Bc4 Be7 4. d3 d6 5. h4 h6 6. Bb5 Bd7 7. Nc3 Bf6 8. Nd5
Bg4 9. a4 Qd7 10. Bxc6 bxc6 11. Nxf6+ Nxf6 12. Qd2 Bxf3 13. gxf3 d5 14. b3 c5
15. f4 exf4 16. Qxf4 dxe4 17. dxe4 Qd4 18. Rb1 Qxe4+ 19. Qxe4+ Nxe4 20. Be3 O-O
21. Rg1 Rfe8 22. Rg4 f5 23. Rg6 Kf7 24. Rc6 Re7 25. Bxc5 Nxc5+ 26. Kf1 Ne4 27.
Rd1 Rae8 28. Rd5 Nd6 29. b4 Re1+ 30. Kg2 R8e7 31. Ra5 R1e4 32. Rxa7 Rc4 33. Rca6
Rxb4 0-1

[Event "AUTO-OPEN-1065"]
[Site "http://www.queenalice.com/game.php?id=375531"]
[Date "2008.3.23"]
[Round "1"]
[White "edinholsv"]
[Black "cirilovsk"]
[Result "0-1"]
[WhiteElo "1225"]
[BlackElo "1902"]

1. e4 c5 2. Nc3 Nc6 3. d3 g6 4. h4 Bg7 5. Bf4 h5 6. Nd5 d6 7. Nf3 Nf6 8. Ng5
Nxd5 9. exd5 Nd4 10. c3 Nf5 11. g3 b6 12. Qe2 Bb7 13. Bg2 a5 14. Be4 Nh6 15. d4
Ba6 16. Bd3 Bxd3 17. Qxd3 cxd4 18. Qb5+ Kf8 19. O-O dxc3 20. bxc3 Bxc3 21. Rac1
Bg7 22. Rc6 Bd4 23. Rfc1 Bc5 24. Be3 Rc8 25. Bxc5 bxc5 26. Rb1 Kg7 27. Rb3 Nf5
28. Ra3 Nd4 29. Qxa5 Nxc6 30. Qc3+ Ne5 31. f4 f6 32. Ne6+ Kf7 33. Qc2 Qb6 34.
Rb3 Qa7 35. Rf3 Nxf3+ 36. Kf2 Nd4 37. f5 Nxc2 0-1

[Event "AUTO-OPEN-1065"]
[Site "http://www.queenalice.com/game.php?id=375532"]
[Date "2008.3.23"]
[Round "1"]
[White "cirilovsk"]
[Black "edinholsv"]
[Result "1-0"]
[WhiteElo "1882"]
[BlackElo "1233"]

1. e4 e5 2. Nf3 Nc6 3. Bb5 Nf6 4. O-O Nxe4 5. d4 d6 6. dxe5 d5 7. Nd4 Bc5 8.
Nxc6 bxc6 9. Bxc6+ Bd7 10. Bxa8 Qxa8 11. Qe2 Qb8 12. Nd2 Bb5 13. c4 dxc4 14.
Qxe4 c3 15. Nc4 O-O 16. Re1 Re8 17. Na5 Qb6 18. Be3 Bxe3 19. Qxe3 Qxa5 20. Qxc3
Qa6 21. Qxc7 Qe6 22. Qxa7 f6 23. Qa5 Bc6 24. exf6 Qxf6 25. Rxe8+ Bxe8 26. Qd5+
Kf8 27. Qf3 Qxf3 28. gxf3 Bc6 29. Kg2 Kf7 30. a4 Ke7 31. b4 Kd6 32. a5 Kc7 33.
Rc1 Kb7 34. Rxc6 Kxc6 35. Kg3 Kb5 36. Kf4 Kxb4 37. a6 Kb5 38. a7 1-0